| 000 | 00589 a2200205 4500 | ||
|---|---|---|---|
| 001 | 56226 | ||
| 005 | 20260407155829.0 | ||
| 008 | 260407a1978 arg spa d | ||
| 003 | AR-UNSa-BCEJYS | ||
| 040 |
_aAR-UNSa-BCEJYS _bspa _cAR-UNSa-BCEJYS |
||
| 080 |
_a94(82) _xHistoria de Argentina |
||
| 245 | 1 | 0 | _aPoder militar y sociedad política en la Argentina |
| 020 | _a950-04-0136-3 | ||
| 264 | 1 |
_aBuenos Aires : _bEmecé _c1978 |
|
| 300 |
_a2v. (009-343; 009-459) p. _c20 cm. |
||
| 041 | _aspa | ||
| 942 | _cBK | ||
| 590 | _aniveau_biblio:m niveau_hierar:0 | ||
| 100 | 1 | _aRouquié, Alain | |
| 999 |
_c5983 _d5983 |
||